| 000 | 02051nam a2200421 i 4500 | ||
|---|---|---|---|
| 001 | 1464681145 | ||
| 005 | 20251030131304.0 | ||
| 007 | t| | ||
| 008 | 250318s2025 nyua j 001 0 eng d | ||
| 020 |
_a9781684494484 _qpaperback |
||
| 020 |
_a1684494486 _qpaperback |
||
| 035 | _a(OCoLC)1464681145 | ||
| 040 |
_aTnLvILS _beng _erda _cTnLvILS _dTnLvILS |
||
| 092 |
_ajunior nonfiction _bJ 306.89 Scharff |
||
| 100 | 1 |
_aScharff, Kate, _eauthor. _4aut. _96554670 |
|
| 245 | 1 | 0 |
_aWe need to talk about divorce : _ban important book about separation, stepfamilies, and feeling heard / _cKate Scharff, Annika Le Large. |
| 246 | 3 | 0 | _aAn important book about separation, stepfamilies, and feeling heard. |
| 264 | 1 |
_aNew York, New York : _bNeon Squid, _c2025. |
|
| 300 |
_a64 pages : _bcolor illustrations ; _c22 cm. |
||
| 336 | _atext | ||
| 336 | _astill image | ||
| 337 | _aunmediated | ||
| 338 | _avolume | ||
| 500 | _aIncludes index. | ||
| 520 | _aA kid-centric guide for the children of parents going through a separation or divorce, written by internationally renowned divorce therapist Kate Scharff, MSW. Children of separating or divorcing parents often feel alone and alienated, as though no one understands what they're going through. They need reassurance that their feelings are normal, and age-appropriate answers to their many questions. But divorce is confusing and overwhelming-thinking and talking about it are hard, for kids and grown-ups alike. | ||
| 521 | 1 | _a10-14. | |
| 521 | 2 | _a5-9. | |
| 650 | 0 |
_aChildren of divorced parents _vJuvenile literature. _95706440 |
|
| 650 | 0 |
_aDivorce _vJuvenile literature. _95770159 |
|
| 650 | 0 |
_aFamilies _vJuvenile literature. _95706460 |
|
| 650 | 1 | _aChildren of divorced parents. | |
| 650 | 1 | _aDivorce. | |
| 650 | 1 | _aFamily life. | |
| 655 | 7 |
_aSelf-help publications. _2lcgft. _95768964 |
|
| 655 | 7 |
_aInformational works. _2lcgft. _95784582 |
|
| 700 | 1 |
_aLarge, Annika Le, _eillustrator. _96554671 |
|
| 942 |
_2ddc _cBOOK |
||
| 999 |
_c413065 _d413065 |
||